The most dangerous game : (Record no. 1732)

MARC details
000 -LEADER
fixed length control field 01922cam a2200397 i 4500
001 - CONTROL NUMBER
control field data
005 - DATE AND TIME OF LATEST TRANSACTION
control field 20260322212115.0
008 - FIXED-LENGTH DATA ELEMENTS--GENERAL INFORMATION
fixed length control field data
035 ## - SYSTEM CONTROL NUMBER
System control number 21862715
010 ## - LIBRARY OF CONGRESS CONTROL NUMBER
LC control number 2021000890
020 ## - INTERNATIONAL STANDARD BOOK NUMBER
International Standard Book Number 9780486848228
Qualifying information (trade paperback)
040 ## - CATALOGING SOURCE
Original cataloging agency DLC
Language of cataloging eng
Transcribing agency DLC
Description conventions rda
Modifying agency DLC
042 ## - AUTHENTICATION CODE
Authentication code pcc
050 00 - LIBRARY OF CONGRESS CALL NUMBER
Classification number PS648.A36
Item number M67 2021
082 00 - DEWEY DECIMAL CLASSIFICATION NUMBER
Classification number 813/.08708
Edition information 23
245 04 - TITLE STATEMENT
Title The most dangerous game :
Remainder of title and other stories of adventure /
Statement of responsibility, etc. Richard Connell, Jack London, O. Henry, Clark Ashton Smith, John Kruse and Rudyard Kipling.
264 #1 - PRODUCTION, PUBLICATION, DISTRIBUTION, MANUFACTURE, AND COPYRIGHT NOTICE
Place of production, publication, distribution, manufacture Garden City, New York :
Name of producer, publisher, distributor, manufacturer Dover Publications,
Date of production, publication, distribution, manufacture, or copyright notice [2021]
300 ## - PHYSICAL DESCRIPTION
Extent vii, 102 pages ;
Dimensions 21 cm.
336 ## - CONTENT TYPE
Content type term text
Content type code txt
Source rdacontent
337 ## - MEDIA TYPE
Media type term unmediated
Media type code n
Source rdamedia
338 ## - CARRIER TYPE
Carrier type term volume
Carrier type code nc
Source rdacarrier
490 0# - SERIES STATEMENT
Series statement Dover thrift editions
505 0# - FORMATTED CONTENTS NOTE
Formatted contents note The most dangerous game / Richard Connell -- To build a fire / Jack London -- The caballero's way / O. Henry -- The seed from the sepulchre / Clark Ashton Smith -- Alone in shark waters / John Kruse -- The man who would ne king / Rudyard Kipling.
520 ## - SUMMARY, ETC.
Summary, etc. "Readers seeking exotic locales and nonstop pulse-pounding thrills will love this collection of six classic adventure stories"--
Assigning source Provided by publisher.
650 #0 - SUBJECT ADDED ENTRY--TOPICAL TERM
Topical term or geographic name entry element Adventure stories, American.
650 #0 - SUBJECT ADDED ENTRY--TOPICAL TERM
Topical term or geographic name entry element Adventure stories, English.
700 1# - ADDED ENTRY--PERSONAL NAME
Personal name Connell, Richard Edward,
Dates associated with a name 1893-1949,
Relator term author.
700 1# - ADDED ENTRY--PERSONAL NAME
Personal name London, Jack,
Dates associated with a name 1876-1916,
Relator term author.
700 1# - ADDED ENTRY--PERSONAL NAME
Personal name Henry, O.,
Dates associated with a name 1862-1910,
Relator term author.
700 1# - ADDED ENTRY--PERSONAL NAME
Personal name Smith, Clark Ashton,
Dates associated with a name 1893-1961,
Relator term author.
700 1# - ADDED ENTRY--PERSONAL NAME
Personal name Kruse, John,
Dates associated with a name 1919-
Relator term author.
700 1# - ADDED ENTRY--PERSONAL NAME
Personal name Kipling, Rudyard,
Dates associated with a name 1865-1936,
Relator term author.
906 ## - LOCAL DATA ELEMENT F, LDF (RLIN)
a 7
b cbc
c orignew
d 1
e ecip
f 20
g y-gencatlg
925 0# -
-- acquire
-- 1 shelf copy
-- policy default
955 ## - COPY-LEVEL INFORMATION (RLIN)
-- xk14 2021-01-08 (TW Situational) to CIP
-- xk02 2022-08-05 to PresSrvs (telework)
Holdings
Withdrawn status Lost status Damaged status Not for loan Home library Current library Shelving location Date acquired Total checkouts Full call number Barcode Date last seen Price effective from Koha item type
        Fairview Fairview General stacks 22/03/2026   813/.08708 LOC-FPL-00017 22/03/2026 22/03/2026 Books